A Concise history of English literature and language/ (Record no. 208946)

MARC details
000 -LEADER
fixed length control field 00682nam a22002177a 4500
005 - DATE AND TIME OF LATEST TRANSACTION
control field 20250213153636.0
010 ## - LCCN (DPL NO)
LC control number ENG-143716
020 ## - INTERNATIONAL STANDARD BOOK NUMBER
International Standard Book Number 9789380607931
Terms of availability 115.00
035 ## - SYSTEM CONTROL NUMBER
System control number EN-116959
035 ## - SYSTEM CONTROL NUMBER
System control number EN-127248
037 ## - SOURCE OF ACQUISITION
Source of stock number/acquisition DBAD
082 ## - DEWEY DECIMAL CLASSIFICATION NUMBER
Classification number 880.3
100 ## - MAIN ENTRY--PERSONAL NAME
Personal name Kumari, Radha .K
245 ## - TITLE STATEMENT
Title A Concise history of English literature and language/
Statement of responsibility, etc By K. Radha Kumari
260 ## - PUBLICATION, DISTRIBUTION, ETC. (IMPRINT)
Place of publication, distribution, etc Mukherjee nagar
Name of publisher, distributor, etc Primus books
Date of publication, distribution, etc 2013
270 ## - ADDRESS
Address Gulmohar park,
City New Delhi
Postal code 110049
300 ## - PHYSICAL DESCRIPTION
Extent 220p.
Other physical details Conclusion, Reference
Dimensions 22cm(pbk)
700 ## - ADDED ENTRY--PERSONAL NAME
Personal name Sahu, G P
Relator term Author
9 (RLIN) 77415
700 ## - ADDED ENTRY--PERSONAL NAME
Personal name Gollamudi, Prabhu
Relator term Author
9 (RLIN) 77416
942 ## - ADDED ENTRY ELEMENTS (KOHA)
Source of classification or shelving scheme Dewey Decimal Classification
Item type English Books
Classification part 880.3
Call number suffix KUM
Holdings
Withdrawn status Lost status Not for loan Collection code Home library Current library Date acquired Source of acquisition Cost, normal purchase price Full call number Barcode Copy number Koha item type
      Non-fiction Central Library Central Library 06/02/2025 DBAD 115.00 880.3 KUM EN-127248 1 English Books

© Delhi Public Library
Hit Counter
free hit counter